Tutte le squadre che hanno partecipato alla Serie A - Statistics

Statistiche generali
  • Questo quiz è stato fatto 436 volte
  • Il punteggio medio è 55 su 68
Statistiche sulle risposte
SQUADRA % Corretto
Inter
97%
Atalanta
96%
Juventus
96%
Milan
96%
Fiorentina
95%
Hellas
95%
Roma
95%
Bari
94%
Genoa
94%
Lazio
94%
Lecce
94%
Torino
94%
Bologna
93%
Napoli
93%
Palermo
93%
Sampdoria
92%
Udinese
92%
Chievo
91%
Como
91%
Sassuolo
91%
Venezia
91%
Cagliari
90%
Catania
89%
Parma
89%
Monza
88%
Pisa
88%
Empoli
87%
Benevento
86%
Frosinone
85%
Salernitana
85%
Brescia
84%
Spezia/La Spezia
84%
Ascoli
83%
Crotone
83%
Pescara
83%
Vicenza
83%
Avellino
82%
Catanzaro
82%
Cremonese
82%
Livorno
82%
Ancona
81%
Modena
81%
Perugia
80%
Pro Vercelli
79%
Messina
78%
Reggiana
78%
Reggina
78%
Novara
77%
Alessandria
76%
Cesena
76%
Lecco
76%
Spal
75%
Foggia
74%
Mantova
74%
Padova
72%
Triestina
71%
Varese
71%
Siena
69%
Ternana
69%
Piacenza
68%
Carpi
66%
Treviso
62%
Casale
59%
Pro Patria
59%
Pistoiese
57%
Lucchese
56%
Legnano
42%
Liguria
26%
Nessun quiz corrispondente trovato
Distribuzione punteggi
Percentuale di utenti per punteggio
Percentile per numero di risposta
I tuoi punteggi nel tempo
Non hai fatto questo quiz